[Event "Tradewise Gibraltar 2016 - Chalengers A"]
[Site "Gibraltar ENG"]
[Date "2016.01.29"]
[Round "5.28"]
[White "Goncalves, Jose Antonio Silvei"]
[Black "Slinger, Tony J"]
[Result "0-1"]
[WhiteElo "1984"]
[BlackElo "1915"]
[PlyCount "52"]
[EventDate "2016.01.25"]
[EventType "swiss"]
[EventRounds "5"]
[EventCountry "ENG"]
[Source "lmi"]
[SourceDate "2016.01.25"]

1. d4 d5 2. c4 c6 3. Nf3 Nf6 4. Nc3 dxc4 5. a4 Bf5 6. e3 e6 7. Bxc4 Bb4 8. O-O
Nbd7 9. Qe2 Bg6 10. Rd1 O-O 11. Na2 Be7 12. Bd2 Re8 13. Nb4 a5 14. Nd3 Qc7 15.
Nf4 Bd6 16. Nxg6 hxg6 17. Ng5 Bxh2+ 18. Kh1 Bd6 19. e4 Bf4 20. Nf3 Bxd2 21.
Rxd2 c5 22. Rc2 Qb6 23. Bb5 Re7 24. Rd1 cxd4 25. Rxd4 Nf8 26. Ne5 Qxd4 0-1

[Event "Tradewise Gibraltar 2016 - Chalengers A"]
[Site "Gibraltar ENG"]
[Date "2016.01.29"]
[Round "5.30"]
[White "Lochte, Szilvia"]
[Black "Adebajo, Olufemi"]
[Result "1/2-1/2"]
[WhiteElo "1913"]
[BlackElo "1963"]
[PlyCount "67"]
[EventDate "2016.01.25"]
[EventType "swiss"]
[EventRounds "5"]
[EventCountry "ENG"]
[Source "lmi"]
[SourceDate "2016.01.25"]

1. d4 d5 2. Nf3 c6 3. Bf4 e6 4. Nbd2 f5 5. e3 Nf6 6. Be2 Bd6 7. O-O O-O 8. Bxd6
Qxd6 9. c4 b6 10. Ne5 Bb7 11. Rc1 Nbd7 12. f4 Rac8 13. Qa4 a5 14. cxd5 exd5 15.
Bd3 g6 16. Qb3 Kg7 17. Ndf3 Rfe8 18. Nh4 Qe6 19. Rf3 Nxe5 20. fxe5 Nd7 21. Bxf5
gxf5 22. Nxf5+ Kh8 23. Nd6 c5 24. Rcf1 Ba6 25. R1f2 cxd4 26. Nf7+ Qxf7 27. Rxf7
Nxe5 28. Qxb6 Rc1+ 29. Rf1 Rxf1+ 30. Rxf1 Bxf1 31. Qf6+ Kg8 32. exd4 Nd3 33.
Qg5+ Kh8 34. Qf6+ 1/2-1/2

[Event "Tradewise Gibraltar 2016 - Chalengers A"]
[Site "Gibraltar ENG"]
[Date "2016.01.29"]
[Round "5.31"]
[White "Brown, David"]
[Black "Haddock, Paul"]
[Result "1-0"]
[WhiteElo "1982"]
[BlackElo "1606"]
[PlyCount "49"]
[EventDate "2016.01.25"]
[EventType "swiss"]
[EventRounds "5"]
[EventCountry "ENG"]
[Source "lmi"]
[SourceDate "2016.01.25"]

1. e4 e5 2. Nf3 Nc6 3. Bc4 Nf6 4. d3 Bc5 5. Nc3 d6 6. h3 Na5 7. Bb3 Nxb3 8.
axb3 a6 9. O-O h6 10. Be3 Bxe3 11. fxe3 O-O 12. Qe1 c6 13. Nh4 d5 14. Nf5 Bxf5
15. Rxf5 d4 16. exd4 Qxd4+ 17. Kh1 Rae8 18. Qh4 Re6 19. Raf1 Qd6 20. Nd1 Nh7
21. Ne3 Rf6 22. Rxf6 Nxf6 23. Nf5 Qe6 24. Nxh6+ gxh6 25. Rxf6 1-0